| 000 | 00518cam a2200193 4500 | ||
|---|---|---|---|
| 001 | J106565 | ||
| 008 | 000000n2000 000 0 eng u | ||
| 035 | _a(Sirsi) u106565 | ||
| 050 | _a333.3309421 | ||
| 110 |
_aFPDSavills _93625 |
||
| 245 | _aCentral London residential development survey. - Spring 2000 | ||
| 260 |
_aLondon _bFPDSavills _c2000 |
||
| 300 | _a8p. ; 30cm. | ||
| 650 |
_aRESIDENTIAL PROPERTY _96266 |
||
| 650 | _aNEW BUILD | ||
| 650 | _aFORECASTS | ||
| 690 | _aHOUSING-DEVELOPMENT | ||
| 942 | _n0 | ||
| 999 |
_c100578 _d100578 |
||